000 00395nam a22001697a 4500
005 20170401135157.0
008 170401b xxu||||| |||| 00| 0 eng d
020 _a978-93-325-7034-4
041 _aeng
100 _aHAVLIN,JOHN,L
_93758
245 _aSOIL FERTILITY AND FERTILIZERS
250 _a8th
260 _bPERSON
_c2016
300 _a520
650 _aAGRICULTURE
_92837
942 _cBK
999 _c5373
_d5371